=LDR 00000nam 2200000 4500 =001 INLIS000000000022975 =005 20130612121657 =008 ***********************************Ind** =035 ##$$0010-061300000022975 =041 ##$$a Ind =082 ##$$a 630 =090 ##$$a 630, Rei-p =100 ##$$a Reijntjes, Coen =245 ##$$a Pertanian masa depan, Pengantar untuk pertanian berkelanjutan dengan input luar rendah, Coen Reijntjes, Bertus Haverkort, Waters - Bayer =260 ##$$a 2003 $b Yoyakarta =300 ##$$a xxxi, 270 hlm., ilus, 25 cm =650 ##$$a Pertanian =850 ##$$a NBPNMAT =990 ##$$a 0001/BPAP-NTB/20142014 =990 ##$$a 0001/BPAP-NTB/20142014 =990 ##$$a 0001/BPAP-NTB/20142014 =990 ##$$a 0001/BPAP-NTB/20142014 =990 ##$$a 0001/BPAP-NTB/2015